[Event "44th Chess Olympiad Open 2022"]
[Site "Chennai"]
[Date "2022.07.29"]
[Round "1.12"]
[White "Andrianiaina, Heritiana"]
[Black "Ter-Sahakyan, Samvel"]
[Result "0-1"]
[WhiteElo "2095"]
[BlackElo "2625"]
[Annotator "TA"]
[PlyCount "72"]
[EventDate "2022.07.29"]
[EventType "team-tourn"]
[EventCountry "IND"]
[SourceTitle "playchess.com"]
[Source "ChessBase"]
[SourceQuality "1"]
[WhiteTeam "Madagascar"]
[BlackTeam "Armenia"]
[WhiteTeamCountry "MAD"]
[BlackTeamCountry "ARM"]

1. d4 Nf6 2. c4 e6 3. Nc3 Bb4 4. Qc2 d5 5. a3 Bxc3+ 6. Qxc3 O-O 7. e3 b6 8.
cxd5 exd5 9. Bd3 Ba6 10. Ne2 c5 11. b3 Qe7 12. dxc5 Ne4 13. Bxe4 dxe4 14. Bb2
f6 15. Rd1 Nd7 16. Rd2 Nxc5 17. O-O Qf7 18. Rfd1 Bxe2 19. Rxe2 Qxb3 20. Qxb3+
Nxb3 21. g4 Rfd8 22. Rxd8+ Rxd8 23. Kg2 Rd2 24. Rxd2 Nxd2 25. Bc3 Nc4 26. a4
Kf7 27. Kg3 g5 28. h4 Ke6 29. hxg5 fxg5 30. f3 exf3 31. Kxf3 Ne5+ 32. Kg3 Kd5
33. Bd4 Ke4 34. a5 bxa5 35. Bxa7 a4 36. Bc5 Nc4 0-1

[Event "44th Chess Olympiad Open 2022"]
[Site "Chennai"]
[Date "2022.07.29"]
[Round "1.12"]
[White "Rakotomaharavo, Dylan"]
[Black "Hovhannisyan, Robert"]
[Result "0-1"]
[WhiteElo "1948"]
[BlackElo "2591"]
[Annotator "TA"]
[PlyCount "126"]
[EventDate "2022.07.29"]
[EventType "team-tourn"]
[EventCountry "IND"]
[SourceTitle "playchess.com"]
[Source "ChessBase"]
[SourceQuality "1"]
[WhiteTeam "Madagascar"]
[BlackTeam "Armenia"]
[WhiteTeamCountry "MAD"]
[BlackTeamCountry "ARM"]

1. e4 c6 2. Nf3 d5 3. Nc3 Bg4 4. h3 Bxf3 5. Qxf3 e6 6. Be2 Bc5 7. d3 Ne7 8. O-O
O-O 9. Rd1 Bd4 10. Bf1 Nd7 11. Ne2 Bb6 12. Be3 Bxe3 13. Qxe3 Qb6 14. Qxb6 axb6
15. exd5 Nxd5 16. c4 Ne7 17. d4 Rfd8 18. Nc3 Nf6 19. Rd3 Kf8 20. Rad1 h5 21.
Be2 Rd6 22. Bf3 Rad8 23. Ne4 Nxe4 24. Bxe4 f5 25. Bf3 h4 26. Be2 Ng6 27. g3 Ke7
28. Kg2 c5 29. dxc5 bxc5 30. Rxd6 Rxd6 31. Rxd6 Kxd6 32. Kf3 hxg3 33. fxg3 b6
34. Ke3 Ne5 35. Kf4 Nc6 36. Bd3 Ke7 37. Kg5 Kf7 38. a3 g6 39. g4 Kg7 40. Bf1
Ne5 41. Kf4 Nf7 42. Be2 Kf6 43. h4 g5+ 44. hxg5+ Nxg5 45. gxf5 exf5 46. Bf1
Ne6+ 47. Ke3 Ke5 48. b4 Kd6 49. Bd3 Ke5 50. Bf1 Nd4 51. Kd3 Nc6 52. Kc3 Kd6 53.
Bd3 f4 54. Be4 Ne5 55. a4 Nc6 56. bxc5+ Kxc5 57. Bd3 Ne5 58. Bf1 f3 59. Kb3 f2
60. Be2 Nf3 61. Ka3 Nd2 62. a5 bxa5 63. Ka4 Nxc4 0-1

[Event "44th Chess Olympiad Open 2022"]
[Site "Chennai"]
[Date "2022.07.29"]
[Round "1.13"]
[White "Daneshvar, Bardiya"]
[Black "Espinoza Solano, Jose Nahum"]
[Result "1-0"]
[WhiteElo "2490"]
[BlackElo "2093"]
[Annotator "TA"]
[PlyCount "145"]
[EventDate "2022.07.29"]
[EventType "team-tourn"]
[EventCountry "IND"]
[SourceTitle "playchess.com"]
[Source "ChessBase"]
[SourceQuality "1"]
[WhiteTeam "Iran"]
[BlackTeam "Nicaragua"]
[WhiteTeamCountry "IRI"]
[BlackTeamCountry "NCA"]

1. d4 Nf6 2. c4 g6 3. Nc3 Bg7 4. e4 d6 5. Nf3 O-O 6. Be2 e5 7. O-O Nc6 8. d5
Ne7 9. b4 Nh5 10. Re1 f5 11. a4 Nf6 12. a5 fxe4 13. Ng5 e3 14. Bxe3 Nf5 15. Bd2
h6 16. Nge4 Nd4 17. Ng3 Nxe2+ 18. Rxe2 Bf5 19. Nxf5 gxf5 20. a6 b6 21. Ra3 Qd7
22. Qa4 Qxa4 23. Rxa4 Rfc8 24. b5 Nd7 25. Na2 Re8 26. Nb4 Kh7 27. Nc6 Nb8 28.
Nb4 Nd7 29. Ra2 Kg6 30. Ra3 Kh7 31. Nc6 Nb8 32. Nd4 Nd7 33. Nxf5 Rf8 34. Ne7
Bf6 35. Nc6 Rg8 36. Rg3 Rxg3 37. hxg3 Kg6 38. g4 Nc5 39. Be3 Nd7 40. f3 Nb8 41.
Nb4 Nd7 42. g3 h5 43. gxh5+ Kxh5 44. Rh2+ Kg6 45. Kf1 Bg7 46. Rh4 Bf6 47. Rh6+
Kg7 48. Rh5 Kg6 49. g4 Bg7 50. Nc6 Nf6 51. Rh4 Ng8 52. Ke2 Bf6 53. Rh5 Bg7 54.
Rg5+ Kf7 55. Rf5+ Kg6 56. Rg5+ Kf7 57. f4 Bf6 58. Rh5 exf4 59. Bxf4 Kg6 60. Kf3
Bg7 61. Rg5+ Kf7 62. Rf5+ Kg6 63. Bg5 Bf6 64. Kf4 Bxg5+ 65. Rxg5+ Kf7 66. Nd4
Ne7 67. Ne6 Ng6+ 68. Kf5 Ne7+ 69. Ke4 Ng6 70. Rf5+ Ke7 71. Rh5 Rh8 72. Rxh8
Nxh8 73. Nd4 1-0

[Event "44th Chess Olympiad Open 2022"]
[Site "Chennai"]
[Date "2022.07.29"]
[Round "1.13"]
[White "Alfaro, William"]
[Black "Maghsoodloo, Parham"]
[Result "0-1"]
[WhiteElo "2155"]
[BlackElo "2701"]
[Annotator "TA"]
[PlyCount "78"]
[EventDate "2022.07.29"]
[EventType "team-tourn"]
[EventCountry "IND"]
[SourceTitle "playchess.com"]
[Source "ChessBase"]
[SourceQuality "1"]
[WhiteTeam "Nicaragua"]
[BlackTeam "Iran"]
[WhiteTeamCountry "NCA"]
[BlackTeamCountry "IRI"]

1. d4 Nf6 2. c4 e6 3. Nf3 Bb4+ 4. Nbd2 O-O 5. a3 Be7 6. e4 d5 7. e5 Nfd7 8. Bd3
c5 9. h4 h6 10. Bb1 Re8 11. Qc2 Nf8 12. dxc5 a5 13. Nf1 Nbd7 14. Rh3 Qc7 15.
Bf4 dxc4 16. Rg3 h5 17. Ne3 Qxc5 18. Nxc4 Ra6 19. Qe2 Rc6 20. Bd3 b5 21. Nxa5
Ra6 22. Nb3 Qd5 23. Nbd2 Nc5 24. Be4 Nxe4 25. Qxe4 Qxe4+ 26. Nxe4 Ra4 27. Nfd2
Ng6 28. Bg5 Nxe5 29. Bf6 Ng6 30. Bxe7 Rxe7 31. Rc1 Bb7 32. b4 Nxh4 33. Nf6+ Kh8
34. Nxh5 g6 35. Nf4 e5 36. Ne2 Nxg2+ 37. Kf1 Nf4 38. Nc3 Rxa3 39. Nxb5 Ra4 0-1

[Event "44th Chess Olympiad Open 2022"]
[Site "Chennai"]
[Date "2022.07.29"]
[Round "1.13"]
[White "Salazar Cabezas, Alberto Javier"]
[Black "Mousavi, Seyed Khalil"]
[Result "0-1"]
[WhiteElo "2155"]
[BlackElo "2537"]
[Annotator "TA"]
[PlyCount "70"]
[EventDate "2022.07.29"]
[EventType "team-tourn"]
[EventCountry "IND"]
[SourceTitle "playchess.com"]
[Source "ChessBase"]
[SourceQuality "1"]
[WhiteTeam "Nicaragua"]
[BlackTeam "Iran"]
[WhiteTeamCountry "NCA"]
[BlackTeamCountry "IRI"]

1. e4 e5 2. Nf3 Nc6 3. Bc4 Nf6 4. d3 Bc5 5. c3 d6 6. Nbd2 a5 7. h3 O-O 8. Qe2
Be6 9. Bb3 a4 10. Bc2 h6 11. Nf1 b5 12. Be3 Qe7 13. Ng3 Bxe3 14. Qxe3 a3 15. b3
d5 16. O-O Rad8 17. d4 exd4 18. Nxd4 Nxd4 19. cxd4 dxe4 20. Bxe4 Qb4 21. Rfd1
Rfe8 22. Bc6 Bd7 23. Qf3 Bxc6 24. Qxc6 Rxd4 25. Qxc7 Rxd1+ 26. Rxd1 Re1+ 27.
Rxe1 Qxe1+ 28. Nf1 Qb1 29. Qd8+ Kh7 30. Qd2 Ne4 31. Qd5 Nc3 32. Qxf7 Nxa2 33.
Kh2 Nb4 34. Nd2 Qg6 35. Qa7 Qd6+ 0-1

[Event "44th Chess Olympiad Open 2022"]
[Site "Chennai"]
[Date "2022.07.29"]
[Round "1.14"]
[White "Abdusattorov, Nodirbek"]
[Black "Chaulagain, Purushottam"]
[Result "1-0"]
[WhiteElo "2688"]
[BlackElo "1975"]
[Annotator "TA"]
[PlyCount "63"]
[EventDate "2022.07.29"]
[EventType "team-tourn"]
[EventCountry "IND"]
[SourceTitle "playchess.com"]
[Source "ChessBase"]
[SourceQuality "1"]
[WhiteTeam "Uzbekistan"]
[BlackTeam "Nepal"]
[WhiteTeamCountry "UZB"]
[BlackTeamCountry "NEP"]

1. d4 d5 2. c4 e6 3. Nc3 Nf6 4. cxd5 exd5 5. Bg5 Be7 6. e3 O-O 7. Bd3 c6 8.
Nge2 Re8 9. O-O Nbd7 10. a4 a5 11. Qc2 Nf8 12. Rae1 Ng6 13. Ng3 Ng4 14. Bxe7
Qxe7 15. e4 dxe4 16. Ncxe4 Be6 17. Nc5 Nf4 18. Bxh7+ Kh8 19. Bf5 Bxf5 20. Qxf5
Qh4 21. h3 Nh6 22. Qd7 Red8 23. Qxb7 Rab8 24. Qxc6 Rxd4 25. Nd7 Rd8 26. Ne5
R4d6 27. Qf3 Rf6 28. Re4 Rd2 29. Qc3 Qg5 30. Nf3 Nxh3+ 31. gxh3 Qd5 32. Qxd2
1-0

[Event "44th Chess Olympiad Open 2022"]
[Site "Chennai"]
[Date "2022.07.29"]
[Round "1.14"]
[White "Sindarov, Javokhir"]
[Black "Bhandari, Kshitiz"]
[Result "1-0"]
[WhiteElo "2629"]
[BlackElo "2071"]
[Annotator "TA"]
[PlyCount "79"]
[EventDate "2022.07.29"]
[EventType "team-tourn"]
[EventCountry "IND"]
[SourceTitle "playchess.com"]
[Source "ChessBase"]
[SourceQuality "1"]
[WhiteTeam "Uzbekistan"]
[BlackTeam "Nepal"]
[WhiteTeamCountry "UZB"]
[BlackTeamCountry "NEP"]

1. e4 e5 2. Nf3 Nc6 3. Bc4 Bc5 4. Nc3 Nf6 5. d3 d6 6. Na4 Qe7 7. Nxc5 dxc5 8.
Bg5 a6 9. Bd5 Nd8 10. Qd2 Bg4 11. Rg1 a5 12. a4 h6 13. Bxf6 gxf6 14. Qc3 Be6
15. Nh4 Qd6 16. Qb3 c6 17. Bxe6 fxe6 18. g3 Qd4 19. Ke2 Kd7 20. f4 Kc7 21. Nf3
Qd6 22. fxe5 fxe5 23. Nd2 b5 24. Rgf1 Rh7 25. axb5 cxb5 26. Qxb5 Nc6 27. Nb3
Rb8 28. Qc4 Rb4 29. Qc3 Kb6 30. Nd2 Qd4 31. Qxd4 exd4 32. Nc4+ Kc7 33. Rf6 Kd7
34. b3 Ke7 35. Rg6 h5 36. Nxa5 Ne5 37. Rg5 Kf6 38. h4 Ng4 39. Nc6 Rbb7 40. Rf1+
1-0

[Event "44th Chess Olympiad Open 2022"]
[Site "Chennai"]
[Date "2022.07.29"]
[Round "1.14"]
[White "Thing, Bibek"]
[Black "Yakubboev, Nodirbek"]
[Result "0-1"]
[WhiteElo "2260"]
[BlackElo "2620"]
[Annotator "TA"]
[PlyCount "70"]
[EventDate "2022.07.29"]
[EventType "team-tourn"]
[EventCountry "IND"]
[SourceTitle "playchess.com"]
[Source "ChessBase"]
[SourceQuality "1"]
[WhiteTeam "Nepal"]
[BlackTeam "Uzbekistan"]
[WhiteTeamCountry "NEP"]
[BlackTeamCountry "UZB"]

1. e4 c5 2. Nf3 Nc6 3. Bb5 e6 4. O-O Nge7 5. c3 a6 6. Ba4 b5 7. Bc2 d5 8. d4
cxd4 9. Nxd4 Bb7 10. Nxc6 Bxc6 11. Qe2 Qc7 12. Nd2 Ng6 13. Nf3 Bd6 14. Rd1 O-O
15. exd5 Bxd5 16. Be4 Ne7 17. Bg5 Bxe4 18. Qxe4 Nd5 19. Rd3 h6 20. Re1 Bxh2+
21. Nxh2 hxg5 22. Rh3 Nf6 23. Qe3 Qf4 24. Rg3 Qxe3 25. Rexe3 Rfd8 26. Rxg5 Rd1+
27. Nf1 Rad8 28. Re2 Ra1 29. f3 Rdd1 30. Rf2 Nd5 31. Re5 Nf4 32. Re3 Nd3 33.
Rxd3 Rxd3 34. a3 Rdd1 35. g4 Rdb1 0-1

[Event "44th Chess Olympiad Open 2022"]
[Site "Chennai"]
[Date "2022.07.29"]
[Round "1.14"]
[White "Jaiswal, Rupesh"]
[Black "Vokhidov, Shamsiddin"]
[Result "0-1"]
[WhiteElo "2083"]
[BlackElo "2552"]
[Annotator "TA"]
[PlyCount "114"]
[EventDate "2022.07.29"]
[EventType "team-tourn"]
[EventCountry "IND"]
[SourceTitle "playchess.com"]
[Source "ChessBase"]
[SourceQuality "1"]
[WhiteTeam "Nepal"]
[BlackTeam "Uzbekistan"]
[WhiteTeamCountry "NEP"]
[BlackTeamCountry "UZB"]

1. e4 c5 2. Nf3 d6 3. Bb5+ Nd7 4. a4 Ngf6 5. Nc3 a6 6. Bc4 Qa5 7. O-O b5 8. Bd5
Nxd5 9. exd5 Bb7 10. Re1 Nf6 11. Qe2 b4 12. Ne4 Nxe4 13. Qxe4 c4 14. Qxc4 Rc8
15. Qd3 Qxd5 16. Qxd5 Bxd5 17. Nd4 e5 18. c3 Kd7 19. Nc2 a5 20. Ne3 Bb3 21.
cxb4 axb4 22. d3 d5 23. Bd2 f6 24. Kf1 d4 25. Nc4 Bxc4 26. dxc4 Rxc4 27. Rec1
Rxc1+ 28. Rxc1 Bd6 29. Ke2 Ke6 30. Rc6 Rb8 31. b3 Kd5 32. Ra6 Bc5 33. g4 e4 34.
Bf4 Rc8 35. Ra5 d3+ 36. Kd2 Ke6 37. Ra6+ Kd7 38. Be3 Bxe3+ 39. Kxe3 Rc2 40.
Ra7+ Kc6 41. Ra6+ Kc7 42. Ra7+ Kc6 43. Ra6+ Kb7 44. Rd6 Re2+ 45. Kf4 Kc7 46.
Rd4 g5+ 47. Kf5 d2 48. Rd5 Kc6 49. Rd8 Rxf2+ 50. Kxe4 Rxh2 51. Rd3 Rf2 52. Ke3
Rf4 53. Rxd2 Rxg4 54. Rf2 Rf4 55. Rh2 Rh4 56. Rf2 Rh6 57. Rc2+ Kd5 0-1

[Event "44th Chess Olympiad Open 2022"]
[Site "Chennai"]
[Date "2022.07.29"]
[Round "1.15"]
[White "Cornette, Matthieu"]
[Black "Smith, Shreyas"]
[Result "1-0"]
[WhiteElo "2551"]
[BlackElo "2147"]
[Annotator "TA"]
[PlyCount "65"]
[EventDate "2022.07.29"]
[EventType "team-tourn"]
[EventCountry "IND"]
[SourceTitle "playchess.com"]
[Source "ChessBase"]
[SourceQuality "1"]
[WhiteTeam "France"]
[BlackTeam "Jamaica"]
[WhiteTeamCountry "FRA"]
[BlackTeamCountry "JAM"]

1. e4 c5 2. Nf3 Nc6 3. d4 cxd4 4. Nxd4 e5 5. Nb5 d6 6. c4 Be6 7. Bd3 a6 8. N5c3
g6 9. Nd5 Bxd5 10. cxd5 Nd4 11. Be3 Bg7 12. O-O Nf6 13. Nd2 O-O 14. a4 Nd7 15.
a5 Nc5 16. Nc4 f5 17. Bxd4 exd4 18. exf5 Nxd3 19. Qxd3 Rxf5 20. Rae1 Qf8 21.
Re6 Rd8 22. Qb3 Rf7 23. f3 Bh6 24. Qd3 Bg7 25. Rfe1 Rfd7 26. R1e4 Qf5 27. Re8+
Kf7 28. Nxd6+ Rxd6 29. R4e7+ Kf6 30. Qxd4+ Kg5 31. h4+ Kh5 32. g4+ Kxh4 33.
Qf2+ 1-0

[Event "44th Chess Olympiad Open 2022"]
[Site "Chennai"]
[Date "2022.07.29"]
[Round "1.15"]
[White "Christie, Joshua"]
[Black "Moussard, Jules"]
[Result "0-1"]
[WhiteElo "2272"]
[BlackElo "2672"]
[Annotator "TA"]
[PlyCount "108"]
[EventDate "2022.07.29"]
[EventType "team-tourn"]
[EventCountry "IND"]
[SourceTitle "playchess.com"]
[Source "ChessBase"]
[SourceQuality "1"]
[WhiteTeam "Jamaica"]
[BlackTeam "France"]
[WhiteTeamCountry "JAM"]
[BlackTeamCountry "FRA"]

1. d4 Nf6 2. c4 e6 3. g3 d5 4. Bg2 Bb4+ 5. Bd2 a5 6. Nf3 O-O 7. O-O dxc4 8. Qc2
Bxd2 9. Nbxd2 b5 10. b3 cxb3 11. axb3 Bb7 12. Rfc1 c6 13. Ne4 Nxe4 14. Qxe4 Na6
15. h4 h6 16. Ne5 Nb4 17. Rc3 Qd6 18. g4 Nd5 19. Rg3 f5 20. gxf5 exf5 21. Qf3
Rf6 22. h5 c5 23. Nc4 bxc4 24. bxc4 cxd4 25. cxd5 a4 26. Qa3 Bxd5 27. Qxd6 Rxd6
28. Rga3 Bxg2 29. Kxg2 d3 30. exd3 Rd4 31. Kf3 Kf7 32. Ke3 Rh4 33. d4 Rh3+ 34.
f3 Re8+ 35. Kf4 Rxh5 36. Rxa4 Rh4+ 37. Kg3 g5 38. Ra7+ Re7 39. d5 Rxa7 40.
Rxa7+ Kg6 41. Ra6+ Kf7 42. Kf2 h5 43. Ke3 Rh3 44. Ra7+ Kf6 45. Kd4 Rh4+ 46. Kc5
Rh1 47. Rh7 Ke5 48. d6 Rc1+ 49. Kb5 Kxd6 50. Rxh5 Rg1 51. f4 g4 52. Kc4 g3 53.
Rh6+ Ke7 54. Kd3 g2 0-1

[Event "44th Chess Olympiad Open 2022"]
[Site "Chennai"]
[Date "2022.07.29"]
[Round "1.15"]
[White "Lorne, Ras Malaku"]
[Black "Lagarde, Maxime"]
[Result "1/2-1/2"]
[WhiteElo "2079"]
[BlackElo "2631"]
[Annotator "TA"]
[PlyCount "69"]
[EventDate "2022.07.29"]
[EventType "team-tourn"]
[EventCountry "IND"]
[SourceTitle "playchess.com"]
[Source "ChessBase"]
[SourceQuality "1"]
[WhiteTeam "Jamaica"]
[BlackTeam "France"]
[WhiteTeamCountry "JAM"]
[BlackTeamCountry "FRA"]

1. d4 e6 2. Nf3 c5 3. c3 Nf6 4. Bg5 h6 5. Bh4 b6 6. e3 Bb7 7. Nbd2 Be7 8. h3
O-O 9. Bd3 d5 10. Ne5 Nfd7 11. Bxe7 Qxe7 12. Ndf3 Nxe5 13. Nxe5 Nc6 14. O-O
Nxe5 15. dxe5 f5 16. exf6 Rxf6 17. Qe2 e5 18. Ba6 Bxa6 19. Qxa6 Rd8 20. Rad1
Rg6 21. Rd2 Qg5 22. g3 d4 23. cxd4 cxd4 24. Qd3 Rdd6 25. exd4 e4 26. Qc4+ Kh7
27. Re2 Qh5 28. Rxe4 Qxh3 29. Qd3 Rd5 30. Re5 Rxd4 31. Qxd4 Rxg3+ 32. fxg3
Qxg3+ 33. Kh1 Qh3+ 34. Kg1 Qg3+ 35. Kh1 1/2-1/2

[Event "44th Chess Olympiad Open 2022"]
[Site "Chennai"]
[Date "2022.07.29"]
[Round "1.16"]
[White "Sethuraman, S.P.."]
[Black "Rehan, Deng Cypriano"]
[Result "1-0"]
[WhiteElo "2623"]
[BlackElo "2105"]
[Annotator "TA"]
[PlyCount "147"]
[EventDate "2022.07.29"]
[EventType "team-tourn"]
[EventCountry "IND"]
[SourceTitle "playchess.com"]
[Source "ChessBase"]
[SourceQuality "1"]
[WhiteTeam "India"]
[BlackTeam "SSD"]
[WhiteTeamCountry "IND"]

1. d4 d5 2. Nf3 e6 3. c4 f5 4. Nc3 Be7 5. Bf4 Nf6 6. e3 O-O 7. h3 c6 8. Qc2 Ne4
9. Be2 Nd7 10. a3 Rf7 11. h4 h6 12. h5 a6 13. Rc1 Qa5 14. O-O Qd8 15. Rfd1 Rf8
16. Qb3 Kh8 17. g3 Bg5 18. Kg2 Be7 19. Rh1 Bf6 20. Bd3 Re8 21. Ne2 Qe7 22. Qc2
Qf7 23. Bc7 Nf8 24. Be5 Nd7 25. Nf4 Nxe5 26. Nxe5 Bxe5 27. Ng6+ Kg8 28. Nxe5
Qf6 29. Bxe4 dxe4 30. Qb3 Kh7 31. c5 Rd8 32. Rc4 Rd5 33. Rb4 Qd8 34. Nc4 Rb8
35. Nb6 Qc7 36. Nxd5 exd5 37. Qd1 Be6 38. Rh4 Rf8 39. Kf1 Bc8 40. Ke1 Qe7 41.
Kd2 Be6 42. Rb6 Bc8 43. Kc3 Rf6 44. Rh1 Rf7 45. Qg1 Kg8 46. Qd1 Qg5 47. Rh4 Kh7
48. a4 Qe7 49. b4 Rf6 50. Qb3 Qd8 51. Kb2 Rf8 52. b5 f4 53. Rxf4 Rxf4 54. exf4
axb5 55. axb5 Qf6 56. Qe3 Qf7 57. bxc6 bxc6 58. Rxc6 Bg4 59. Rb6 Qxh5 60. c6
Qh1 61. Rb4 Be6 62. Qe2 Qh3 63. c7 Qf5 64. Qc2 Qf6 65. Qc3 Qf5 66. Rb6 Bc8 67.
Rd6 g5 68. Qc6 gxf4 69. Rxh6+ Kg7 70. gxf4 Bd7 71. Qd6 Bc8 72. Kc3 Bd7 73. Rf6
Qh3+ 74. Kb4 1-0

[Event "44th Chess Olympiad Open 2022"]
[Site "Chennai"]
[Date "2022.07.29"]
[Round "1.16"]
[White "Peter Majur Manyang"]
[Black "Puranik, Abhimanyu"]
[Result "0-1"]
[WhiteElo "2095"]
[BlackElo "2612"]
[Annotator "TA"]
[PlyCount "96"]
[EventDate "2022.07.29"]
[EventType "team-tourn"]
[EventCountry "IND"]
[SourceTitle "playchess.com"]
[Source "ChessBase"]
[SourceQuality "1"]
[WhiteTeam "SSD"]
[BlackTeam "India"]
[BlackTeamCountry "IND"]

1. e4 c5 2. Nc3 Nc6 3. g3 g6 4. Bg2 Bg7 5. Nge2 d6 6. O-O Nf6 7. d4 cxd4 8.
Nxd4 Bg4 9. Nxc6 bxc6 10. Qd3 Qc7 11. Be3 O-O 12. f4 Bc8 13. h3 Rb8 14. Rab1
Qa5 15. Rfd1 Be6 16. b3 c5 17. Na4 c4 18. Qe2 Rfc8 19. g4 Bd7 20. e5 Ne8 21.
Nb2 cxb3 22. axb3 Qc7 23. Nc4 Bb5 24. Qf2 Bxc4 25. bxc4 Rxb1 26. Rxb1 Qxc4 27.
Rb7 Nc7 28. exd6 exd6 29. Qd2 a5 30. Qxd6 a4 31. Qd7 Qe6 32. Qxe6 Nxe6 33. Ra7
Nxf4 34. Be4 Ne2+ 35. Kf2 Nc3 36. Bf3 Bf8 37. Ra6 a3 38. Bd4 Nb5 39. Bf6 Bg7
40. g5 h6 41. c4 Rxc4 42. Be2 Rc2 43. Ke1 Bxf6 44. gxf6 a2 45. Bd1 Rc1 46. Ra8+
Kh7 47. Rxa2 Rxd1+ 48. Kf2 Rd6 0-1

[Event "44th Chess Olympiad Open 2022"]
[Site "Chennai"]
[Date "2022.07.29"]
[Round "1.16"]
[White "Ajak Mach Duany"]
[Black "Gupta, Abhijeet"]
[Result "0-1"]
[WhiteElo "2029"]
[BlackElo "2627"]
[Annotator "TA"]
[PlyCount "101"]
[EventDate "2022.07.29"]
[EventType "team-tourn"]
[EventCountry "IND"]
[SourceTitle "playchess.com"]
[Source "ChessBase"]
[SourceQuality "1"]
[WhiteTeam "SSD"]
[BlackTeam "India"]
[BlackTeamCountry "IND"]

1. e4 c5 2. Nc3 Nc6 3. Bb5 Nd4 4. Bc4 e6 5. Nge2 a6 6. a4 Ne7 7. O-O d5 8. exd5
exd5 9. Nxd5 Nxd5 10. Nxd4 cxd4 11. Qh5 Be6 12. Re1 Be7 13. Rxe6 Nf4 14. Rxe7+
Qxe7 15. Qf3 Ng6 16. Qa3 Qxa3 17. Rxa3 O-O 18. Ra1 b5 19. Bf1 Rac8 20. c3 Rfe8
21. f3 Nf4 22. axb5 axb5 23. Kf2 d3 24. b3 g5 25. Bb2 Re2+ 26. Bxe2 dxe2 27. g3
Nd3+ 28. Kxe2 Nxb2 29. Ra5 Re8+ 30. Kf1 Nd3 31. Rxb5 Re1+ 32. Kg2 Re2+ 33. Kg1
f6 34. c4 Rxd2 35. Rd5 Ne5 36. Rxd2 Nxf3+ 37. Kg2 Nxd2 38. c5 Kf7 39. b4 Ke6
40. Kf2 Kd5 41. Ke2 Nc4 42. h3 f5 43. Kd3 Ne5+ 44. Kc3 h5 45. Kd2 Kc4 46. Ke3
Kxb4 47. c6 Nxc6 48. h4 f4+ 49. gxf4 g4 50. f5 Ne7 51. Kd4 0-1

[Event "44th Chess Olympiad Open 2022"]
[Site "Chennai"]
[Date "2022.07.29"]
[Round "1.17"]
[White "Brkic, Ante"]
[Black "Abera, Aydagnuhem Gezachew"]
[Result "1-0"]
[WhiteElo "2611"]
[BlackElo "2137"]
[Annotator "TA"]
[PlyCount "47"]
[EventDate "2022.07.29"]
[EventType "team-tourn"]
[EventCountry "IND"]
[SourceTitle "playchess.com"]
[Source "ChessBase"]
[SourceQuality "1"]
[WhiteTeam "Croatia"]
[BlackTeam "Ethiopia"]
[WhiteTeamCountry "CRO"]
[BlackTeamCountry "ETH"]

1. e4 e5 2. Nf3 Nc6 3. Bb5 Nf6 4. O-O Nxe4 5. Re1 Nd6 6. a4 Be7 7. Nc3 O-O 8.
d4 Nxd4 9. Nxd4 exd4 10. Nd5 Bf6 11. Bd3 c6 12. Qh5 g6 13. Nxf6+ Qxf6 14. Qh6
Nf5 15. Bxf5 d5 16. Qxf8+ Kxf8 17. Bh6+ Qg7 18. Bxg7+ Kxg7 19. Bxc8 Rxc8 20.
Re7 Rb8 21. Rd1 b5 22. a5 c5 23. Rxa7 Re8 24. Kf1 1-0

[Event "44th Chess Olympiad Open 2022"]
[Site "Chennai"]
[Date "2022.07.29"]
[Round "1.17"]
[White "Jimma, Desalegn Fekadu"]
[Black "Saric, Ivan"]
[Result "0-1"]
[WhiteElo "2112"]
[BlackElo "2680"]
[Annotator "TA"]
[PlyCount "65"]
[EventDate "2022.07.29"]
[EventType "team-tourn"]
[EventCountry "IND"]
[SourceTitle "playchess.com"]
[Source "ChessBase"]
[SourceQuality "1"]
[WhiteTeam "Ethiopia"]
[BlackTeam "Croatia"]
[WhiteTeamCountry "ETH"]
[BlackTeamCountry "CRO"]

1. d4 d6 2. c4 e5 3. Nc3 exd4 4. Qxd4 Nc6 5. Qd1 Nf6 6. Bg5 h6 7. Bxf6 Qxf6 8.
e3 Be6 9. Nf3 O-O-O 10. Qb3 Ne5 11. Be2 Qg6 12. Nxe5 dxe5 13. Bf3 c6 14. O-O f5
15. Qa4 e4 16. Be2 Kb8 17. Rfd1 Bd6 18. b4 Be5 19. Qc2 Qf6 20. Rxd8+ Rxd8 21.
Rd1 Rxd1+ 22. Nxd1 g5 23. g3 Bf7 24. f3 exf3 25. Bxf3 h5 26. Nf2 g4 27. Be2 h4
28. Nh1 Bd6 29. c5 Bc7 30. gxh4 Qxh4 31. Bf1 Qh6 32. Qf2 f4 33. exf4 0-1

[Event "44th Chess Olympiad Open 2022"]
[Site "Chennai"]
[Date "2022.07.29"]
[Round "1.17"]
[White "Gole, Habtamu Ashenafi"]
[Black "Kozul, Zdenko"]
[Result "0-1"]
[WhiteElo "2044"]
[BlackElo "2602"]
[Annotator "TA"]
[PlyCount "92"]
[EventDate "2022.07.29"]
[EventType "team-tourn"]
[EventCountry "IND"]
[SourceTitle "playchess.com"]
[Source "ChessBase"]
[SourceQuality "1"]
[WhiteTeam "Ethiopia"]
[BlackTeam "Croatia"]
[WhiteTeamCountry "ETH"]
[BlackTeamCountry "CRO"]

1. e4 c5 2. Nf3 d6 3. d3 Nc6 4. g3 g6 5. Bg2 Bg7 6. O-O Nf6 7. c3 O-O 8. Re1 e5
9. Nbd2 Re8 10. h3 d5 11. Qc2 d4 12. c4 Be6 13. a3 Nd7 14. Nf1 f6 15. Rb1 Qb8
16. b4 cxb4 17. axb4 b5 18. N1d2 Rc8 19. c5 Bf8 20. Nh4 a5 21. bxa5 Nxc5 22. f4
Bf7 23. Bf1 Rxa5 24. Qd1 exf4 25. Nc4 Ra7 26. Bxf4 Ne5 27. Bxe5 fxe5 28. Nf3
Bxc4 29. dxc4 b4 30. Rb2 Bh6 31. Nh4 b3 32. Qg4 Rc6 33. Nf5 Bf8 34. Nh4 Qb4 35.
Reb1 Qc3 36. Rf2 Ra2 37. Qf3 Rxf2 38. Qxf2 Bh6 39. Qf3 Ra6 40. Qg4 Bf8 41. Qg5
d3 42. Nf3 Nxe4 43. Qxe5 Bc5+ 44. Kh1 Qxe5 45. Nxe5 Ra2 46. Bg2 Nf2+ 0-1

[Event "44th Chess Olympiad Open 2022"]
[Site "Chennai"]
[Date "2022.07.29"]
[Round "1.18"]
[White "Hracek, Zbynek"]
[Black "Fellman, Mike"]
[Result "1-0"]
[WhiteElo "2555"]
[BlackElo "2107"]
[Annotator "TA"]
[PlyCount "77"]
[EventDate "2022.07.29"]
[EventType "team-tourn"]
[EventCountry "IND"]
[SourceTitle "playchess.com"]
[Source "ChessBase"]
[SourceQuality "1"]
[WhiteTeam "Czech Republic"]
[BlackTeam "Puerto Rico"]
[WhiteTeamCountry "CZE"]
[BlackTeamCountry "PUR"]

1. e4 c5 2. Nf3 d6 3. d4 Nf6 4. Nc3 cxd4 5. Nxd4 a6 6. Be3 e5 7. Nf3 Be7 8. Bc4
Be6 9. Bb3 Bxb3 10. axb3 Nbd7 11. Bg5 Rc8 12. O-O O-O 13. Re1 Ne8 14. Be3 Nef6
15. Nd2 h6 16. Nf1 Qc7 17. Ng3 Rfd8 18. Nf5 Bf8 19. Qf3 Qc6 20. Rad1 Kh7 21. g4
Ng8 22. g5 g6 23. Nh4 f5 24. exf5 Qxf3 25. fxg6+ Kg7 26. Nxf3 Kxg6 27. Nh4+ Kh5
28. Nf5 hxg5 29. Nxd6 Bxd6 30. Rxd6 Ndf6 31. Red1 Rxd6 32. Rxd6 Kg4 33. Kg2 Kf5
34. Bb6 Ne7 35. Bd8 Neg8 36. Nd1 e4 37. Bxf6 Nxf6 38. Rb6 Rc7 39. Ne3+ 1-0